000 00523nam a22001697a 4500
005 20260408160742.0
008 260408b |||||||| |||| 00| 0 eng d
020 _a978-93-91818-86-9
050 _aQA 76.9 .A43 M44 2025
100 _aMEHTA, SASHANK K.
245 _aCOMPUTER ALGORITHMS: CORRECTNESS PROOF AND PERFORMANCE ANALYSES.
260 _aDELHI,
_bPHI LEARNING PRIVATE COMPANY.
_c2025.
300 _a453 P ILL
500 _aINCLUDES BIBLIOGRAPHY AND INDEX
650 _aCOMPUTER ALGORITHMS.
942 _2lcc
_cBK
999 _c216929
_d216929